<?xml version="1.0" encoding="UTF-8"?>
<record
    xmlns:xsi="http://www.w3.org/2001/XMLSchema-instance"
    xsi:schemaLocation="http://www.loc.gov/MARC21/slim http://www.loc.gov/standards/marcxml/schema/MARC21slim.xsd"
    xmlns="http://www.loc.gov/MARC21/slim">

  <leader>02477nam a2200265Ia 4500</leader>
  <controlfield tag="008">120625s2003    sp            001 0 spa d</controlfield>
  <datafield tag="020" ind1=" " ind2=" ">
    <subfield code="a">8420639060</subfield>
  </datafield>
  <datafield tag="050" ind1=" " ind2="4">
    <subfield code="a">HF1411 </subfield>
    <subfield code="b">T34 2003</subfield>
  </datafield>
  <datafield tag="100" ind1="1" ind2=" ">
    <subfield code="a">Tamames, Ram&#xF3;n</subfield>
    <subfield code="d">, 1933-.</subfield>
    <subfield code="e">, autor.</subfield>
    <subfield code="9">19823</subfield>
  </datafield>
  <datafield tag="245" ind1="1" ind2="0">
    <subfield code="a">Estructura econ&#xF3;mica internacional </subfield>
    <subfield code="c">/ Ram&#xF3;n Tamames, Bego&#xF1;a G. Huerta.</subfield>
  </datafield>
  <datafield tag="250" ind1=" " ind2=" ">
    <subfield code="a">20a ed. rev. y ampliada</subfield>
  </datafield>
  <datafield tag="260" ind1="3" ind2=" ">
    <subfield code="a">Espa&#xF1;a </subfield>
    <subfield code="b">: Alianza</subfield>
    <subfield code="c">, 2003.</subfield>
  </datafield>
  <datafield tag="300" ind1=" " ind2=" ">
    <subfield code="a">575 p&#xE1;ginas.</subfield>
  </datafield>
  <datafield tag="336" ind1=" " ind2=" ">
    <subfield code="a">Texto</subfield>
  </datafield>
  <datafield tag="337" ind1=" " ind2=" ">
    <subfield code="a">Sin medio </subfield>
  </datafield>
  <datafield tag="338" ind1=" " ind2=" ">
    <subfield code="a">Volumen</subfield>
  </datafield>
  <datafield tag="500" ind1=" " ind2=" ">
    <subfield code="a">Incluye &#xED;ndice de siglas (pp. 557-564)
Incluye &#xED;ndice de nombres (pp. 565-575)</subfield>
  </datafield>
  <datafield tag="505" ind1="1" ind2=" ">
    <subfield code="a">Primera parte: Econom&#xED;a internacional,sistemas econ&#xF3;micos y niveles de desarrollo
El proceso de formaci&#xF3;n de la econom&#xED;a mundial

Segunda parte: Cooperaci&#xF3;n econ&#xF3;mica internacional
Los or&#xED;genes de la cooperaci&#xF3;n econ&#xF3;mica internacional
El sistema monetario internacional: el FMI
Financiaci&#xF3;n del desarrollo: el banco mundial y los dem&#xE1;s mecanismos para el desarrollo
Comercio de bienes y servicios: GATT/OMC
Comercio y desarrollo: la UNCTAD y las relaciones Norte/Sur: el Nuevo Orden Econ&#xF3;mico Internacional (NOEI)

Tercera parte: Integraci&#xF3;n econ&#xF3;mica
El proceso de integraci&#xF3;n econ&#xF3;mica
Integraci&#xF3;n en Europa (i). De la CEE a la Union Europea (UE). La EFTA
Integraci&#xF3;n econ&#xF3;mica en Europa (II). El fracaso del COMECON y el futuro de los pa&#xED;ses de Europa Central y Oriental
Integraci&#xF3;n econ&#xF3;mica en las Am&#xE9;ricas (i): FTA, TLCAN, ALCA, MCCA.
Integraci&#xF3;n econ&#xF3;mica en las Am&#xE9;ricas (II). ALALC, ALADI, CAN, G-3, MERCOSUR, ALCSA
Integraci&#xF3;n econ&#xF3;mica en las Americas (II). El &#xE1;rea del Caribe
Cooperaci&#xF3;n e integraci&#xF3;n en &#xC1;frica
Asia/Pac&#xED;fico: cooperaci&#xF3;n e integraci&#xF3;n

Cuarta parte: Grandes temas actuales de la estructura econ&#xF3;mica internacional
Empresas multinacionales
Poblaci&#xF3;n y alimentaci&#xF3;n mundial
Cuestiones energ&#xE9;ticas y ambientales
Fluctuaciones econ&#xF3;micas: 1929, 1973, 1989/93, 1998

Quinta parte: Las grandes potencias econ&#xF3;micas
Las grandes potencias econ&#xF3;micas. Caracter&#xED;sticas diferenciales
Estados Unidos de Am&#xE9;rica
Nacimiento, poder&#xED;o y desmoronamiento de la URSS. La nueva Rusia
Jap&#xF3;n
Rep&#xFA;blica Popular China</subfield>
  </datafield>
  <datafield tag="600" ind1=" " ind2=" ">
    <subfield code="a"> </subfield>
    <subfield code="9">19824</subfield>
  </datafield>
  <datafield tag="650" ind1="1" ind2="4">
    <subfield code="a">INTEGRACI&#xD3;N ECON&#xD3;MICA INTERNACIONAL</subfield>
    <subfield code="9">18678</subfield>
  </datafield>
  <datafield tag="650" ind1="2" ind2="4">
    <subfield code="a">HISTORIA ECON&#xD3;MICA</subfield>
    <subfield code="y">1945</subfield>
    <subfield code="x">ESTUDIOS</subfield>
    <subfield code="9">19825</subfield>
  </datafield>
  <datafield tag="650" ind1="2" ind2="4">
    <subfield code="a">RELACIONES ECON&#xD3;MICAS INTERNACIONALES</subfield>
    <subfield code="9">1550</subfield>
  </datafield>
  <datafield tag="700" ind1="1" ind2=" ">
    <subfield code="a">Gonzalez Huerta, Bego&#xF1;a</subfield>
    <subfield code="e">, coautor.</subfield>
    <subfield code="9">19826</subfield>
  </datafield>
  <datafield tag="942" ind1=" " ind2=" ">
    <subfield code="c">LB</subfield>
  </datafield>
  <datafield tag="952" ind1=" " ind2=" ">
    <subfield code="0">0</subfield>
    <subfield code="1">0</subfield>
    <subfield code="4">0</subfield>
    <subfield code="7">0</subfield>
    <subfield code="a">04</subfield>
    <subfield code="b">04</subfield>
    <subfield code="d">2007-04-03</subfield>
    <subfield code="l">2</subfield>
    <subfield code="o">HF1411 T34 2003</subfield>
    <subfield code="p">04 000329</subfield>
    <subfield code="r">2018-11-29</subfield>
    <subfield code="s">2018-11-29</subfield>
    <subfield code="t">1</subfield>
    <subfield code="w">2012-06-24</subfield>
    <subfield code="y">LB</subfield>
  </datafield>
  <datafield tag="952" ind1=" " ind2=" ">
    <subfield code="0">0</subfield>
    <subfield code="1">0</subfield>
    <subfield code="4">0</subfield>
    <subfield code="7">0</subfield>
    <subfield code="a">04</subfield>
    <subfield code="b">04</subfield>
    <subfield code="d">2009-11-11</subfield>
    <subfield code="l">4</subfield>
    <subfield code="m">3</subfield>
    <subfield code="o">HF1411 T34 2003</subfield>
    <subfield code="p">04 002607</subfield>
    <subfield code="r">2018-03-12</subfield>
    <subfield code="s">2016-03-31</subfield>
    <subfield code="t">2</subfield>
    <subfield code="w">2012-06-24</subfield>
    <subfield code="y">LB</subfield>
  </datafield>
  <datafield tag="952" ind1=" " ind2=" ">
    <subfield code="0">0</subfield>
    <subfield code="1">0</subfield>
    <subfield code="4">0</subfield>
    <subfield code="7">0</subfield>
    <subfield code="a">04</subfield>
    <subfield code="b">04</subfield>
    <subfield code="d">2009-11-11</subfield>
    <subfield code="l">11</subfield>
    <subfield code="m">2</subfield>
    <subfield code="o">HF1411 T34 2003</subfield>
    <subfield code="p">04 002608</subfield>
    <subfield code="r">2017-06-29</subfield>
    <subfield code="s">2017-06-29</subfield>
    <subfield code="t">3</subfield>
    <subfield code="w">2012-06-24</subfield>
    <subfield code="y">LB</subfield>
  </datafield>
  <datafield tag="999" ind1=" " ind2=" ">
    <subfield code="c">61647</subfield>
    <subfield code="d">61647</subfield>
  </datafield>
</record>
